ბათუმის შოთა რუსთაველის სახელმწიფო უნივერსიტეტის ბიბლიოთეკა

Краткий физико-технический справочник. Том первый: математика, физика. (ბიბ.ჩანაწერი № 37301)

000 -LEADER
fixed length control field 00639nam a2200193Ia 4500
001 - CONTROL NUMBER
control field 3260
003 - CONTROL NUMBER IDENTIFIER
control field GE_BSU
008 - FIXED-LENGTH DATA ELEMENTS--GENERAL INFORMATION
fixed length control field 181216s||||||||xx |||||||||||||| ||und||
040 ## - CATALOGING SOURCE
Transcribing agency GE_BSU
080 ## - UNIVERSAL DECIMAL CLASSIFICATION NUMBER
Universal Decimal Classification number 53+62(03)
245 ## - TITLE STATEMENT
Title Краткий физико-технический справочник. Том первый: математика, физика.
245 ## - TITLE STATEMENT
Statement of responsibility, etc. Под общей редакцией К.П.Яковлева.
260 ## - PUBLICATION, DISTRIBUTION, ETC.
Place of publication, distribution, etc. М.
260 ## - PUBLICATION, DISTRIBUTION, ETC.
Name of publisher, distributor, etc. Физматгиз.
260 ## - PUBLICATION, DISTRIBUTION, ETC.
Date of publication, distribution, etc. 1960.
300 ## - PHYSICAL DESCRIPTION
Extent 446 стр. 17 см.
653 ## - INDEX TERM--UNCONTROLLED
Uncontrolled term Краткий физико-технический справочник.
942 ## - ADDED ENTRY ELEMENTS (KOHA)
Koha item type წიგნი
ეგზემპლარები
Withdrawn status Lost status Damaged status Not for loan Date acquired Barcode Date last seen Price effective from Koha item type Public note
        2018-12-17 9806 2018-12-17 2018-12-17 წიგნი დარბაზი